000
00298nam a22001217a 4500
008
160425b xxu||||| |||| 00| 0 eng d
020
_a
9780803628144
020
_a
13978803628144
041
_a
eng
080
_a
618.2
245
_a
Maternal child nursing care:
_c
Shelton M. Hisley;
942
_2
udc
_c
BK
999
_c
1579
_d
1579